[Event "BCF-chT2 0708 (4NCL)"]
[Site "Sunningdale"]
[Date "2008.03.02"]
[Round "8.2"]
[White "Upton, Ian J"]
[Black "Hagesaether, Arne"]
[Result "1/2-1/2"]
[WhiteElo "2260"]
[BlackElo "2166"]
[PlyCount "43"]
[EventDate "2007.09.15"]
[EventType "team-tourn"]
[EventRounds "11"]
[EventCountry "ENG"]
[SourceTitle "EXT 2023"]
[Source "ChessBase"]
[SourceDate "2022.10.05"]
[SourceVersion "1"]
[SourceVersionDate "2022.10.05"]
[SourceQuality "1"]
[WhiteTeam "Wessex"]
[BlackTeam "Hilsmark Kingfisher II"]
[WhiteTeamCountry "ENG"]
[BlackTeamCountry "ENG"]

1. d4 d5 2. c4 c6 3. Nf3 Nf6 4. Qc2 g6 5. Nc3 a6 6. cxd5 cxd5 7. Bg5 Nbd7 8. e3 Bg7 9. Be2 0-0 10. 0-0 Re8 11. Rfd1 h6 12. Bh4 Nf8 13. Qb3 g5 14. Bg3 e6 15. Ne5 N6d7 16. Nxd7 Nxd7 17. Rac1 f5 18. Na4 b5 19. Nc5 Nxc5 20. Rxc5 Bf8 21. Rc2 Bd6 22. Bxd6 1/2-1/2

[Event "BCF-chT2 0708 (4NCL)"]
[Site "Sunningdale"]
[Date "2008.03.01"]
[Round "7.2"]
[White "Emms, John M"]
[Black "Upton, Ian J"]
[Result "1-0"]
[WhiteElo "2502"]
[BlackElo "2260"]
[PlyCount "99"]
[EventDate "2007.09.15"]
[EventType "team-tourn"]
[EventRounds "11"]
[EventCountry "ENG"]
[SourceTitle "EXT 2023"]
[Source "ChessBase"]
[SourceDate "2022.10.05"]
[SourceVersion "1"]
[SourceVersionDate "2022.10.05"]
[SourceQuality "1"]
[WhiteTeam "Pride and Prejudice"]
[BlackTeam "Wessex"]
[WhiteTeamCountry "ENG"]
[BlackTeamCountry "ENG"]

1. e4 e6 2. d4 d5 3. Nd2 c5 4. Ngf3 cxd4 5. exd5 Qxd5 6. Bc4 Qd6 7. 0-0 Nf6 8. Nb3 Nc6 9. Nbxd4 Nxd4 10. Nxd4 a6 11. Re1 Qc7 12. Qe2 Bc5 13. c3 b5 14. Bd3 Bxd4 15. cxd4 0-0 16. Bg5 Nd5 17. Rac1 Qd6 18. Qe4 f5 19. Qh4 Bd7 20. Rc5 h6 21. Bd2 Rac8 22. b4 Rf6 23. Rec1 Nb6 24. Qf4 Qxf4 25. Bxf4 Rff8 26. Be5 Kf7 27. f3 g6 28. Kf2 Rg8 29. h4 Ke7 30. g4 h5 31. Kg3 Na4 32. Rxc8 Rxc8 33. Rxc8 Bxc8 34. gxh5 gxh5 35. d5 exd5 36. Kf4 Nb6 37. Kg5 d4 38. Bxd4 Nd5 39. Bc5+ Kf7 40. Bc2 Nc3 41. Kxh5 Be6 42. a3 Bd5 43. Kg5 Bxf3 44. Kxf5 Be2 45. Kg5 Nd5 46. h5 Nc7 47. Bg6+ Kg8 48. Bf5 Bc4 49. h6 Ne6+ 50. Kf6 1-0

[Event "BCF-chT2 0708 (4NCL)"]
[Site "Sunningdale"]
[Date "2007.09.16"]
[Round "2"]
[White "Frostick, Clive A"]
[Black "Upton, Ian J"]
[Result "1/2-1/2"]
[WhiteElo "2156"]
[BlackElo "2263"]
[PlyCount "75"]
[EventDate "2007.09.15"]
[EventType "team-tourn"]
[EventRounds "11"]
[EventCountry "ENG"]
[SourceTitle "CBM 120 Extra"]
[Source "ChessBase"]
[SourceDate "2007.11.01"]
[SourceVersion "1"]
[SourceVersionDate "2007.11.01"]
[SourceQuality "1"]
[WhiteTeam "Guildford III"]
[BlackTeam "Wessex"]
[WhiteTeamCountry "ENG"]
[BlackTeamCountry "ENG"]

1. e4 e6 2. d4 d5 3. Nd2 c5 4. exd5 Qxd5 5. Ngf3 cxd4 6. Bc4 Qd6 7. 0-0 Nf6 8. Nb3 Nc6 9. Nbxd4 Nxd4 10. Nxd4 a6 11. c3 Qc7 12. Qe2 Bd6 13. Kh1 0-0 14. Bg5 b5 15. Bb3 Bb7 16. Rad1 Rfe8 17. Rd3 Nd5 18. Qg4 g6 19. Qh4 Be7 20. f4 Rad8 21. f5 Bxg5 22. Qxg5 f6 23. Qd2 gxf5 24. Nxf5 Kh8 25. Nd4 e5 26. Bxd5 Bxd5 27. Nf5 Bc4 28. Qh6 Qf7 29. Rg3 Rg8 30. Rxg8+ Kxg8 31. Qh4 Kh8 32. Re1 Qg6 33. Ne3 Be6 34. Rf1 Qg5 35. Qf2 Kg7 36. h4 Qg6 37. a3 f5 38. Nxf5+ 1/2-1/2

[Event "BCF-chT2 0607 (4NCL)"]
[Site "Sunningdale"]
[Date "2007.05.07"]
[Round "11.1"]
[White "Markos, Jan"]
[Black "Upton, Ian J"]
[Result "1-0"]
[WhiteElo "2534"]
[BlackElo "2270"]
[PlyCount "141"]
[EventDate "2006.09.16"]
[EventType "team"]
[EventRounds "11"]
[EventCountry "ENG"]
[SourceTitle "EXT 2008"]
[Source "ChessBase"]
[SourceDate "2007.11.25"]
[SourceVersion "1"]
[SourceVersionDate "2007.11.25"]
[SourceQuality "1"]
[WhiteTeam "Richmond"]
[BlackTeam "Wessex"]
[WhiteTeamCountry "ENG"]
[BlackTeamCountry "ENG"]

1. d4 d5 2. c4 c6 3. Nc3 Nf6 4. e3 e6 5. Nf3 Nbd7 6. Qc2 Bd6 7. Bd3 dxc4 8. Bxc4 0-0 9. 0-0 e5 10. Rd1 Qe7 11. Bb3 e4 12. Ng5 Bxh2+ 13. Kxh2 Ng4+ 14. Kg1 Qxg5 15. Qxe4 Ndf6 16. Qf3 Qh4 17. e4 Qh2+ 18. Kf1 Ne5 19. Qg3 Qxg3 20. fxg3 Ng6 21. Bg5 Bg4 22. Rd3 Nd7 23. Nd1 Be6 24. Rc1 Rac8 25. Ne3 b6 26. Nc4 Bxc4 27. Bxc4 b5 28. Bb3 c5 29. dxc5 Nxc5 30. Rdc3 Nxb3 31. Rxb3 h6 32. Rxc8 Rxc8 33. Bd2 a6 34. Ke2 Rc4 35. Rb4 Rc6 36. Bc3 Nf8 37. Rd4 Kh7 38. e5 Ne6 39. Rd6 Rc4 40. Rxa6 b4 41. Bd2 b3 42. axb3 Re4+ 43. Be3 Rxe5 44. Kd3 Rd5+ 45. Ke4 Rb5 46. Rb6 Ng5+ 47. Kd3 Rd5+ 48. Ke2 Ne4 49. Kf3 Nd2+ 50. Ke2 Ne4 51. Bf4 g5 52. Bb8 Nc5 53. Rb5 Rd8 54. Be5 Ne6 55. Ke3 Kg6 56. b4 f6 57. Bc3 h5 58. Rb6 Kf5 59. b5 Nc7 60. Rxf6+ Kg4 61. Rc6 Nxb5 62. Be5 Na7 63. Rc5 Rg8 64. b4 Rg6 65. b5 Rb6 66. Rc4+ Kf5 67. Bd4 Re6+ 68. Kd3 Nxb5 69. Rc5+ Kg4 70. Rxb5 h4 71. Bf2 1-0

[Event "BCF-chT2 0607 (4NCL)"]
[Site "Sunningdale"]
[Date "2007.05.06"]
[Round "10.3"]
[White "Upton, Ian J"]
[Black "Buckley, Graeme N"]
[Result "0-1"]
[WhiteElo "2270"]
[BlackElo "2390"]
[PlyCount "82"]
[EventDate "2006.09.16"]
[EventType "team"]
[EventRounds "11"]
[EventCountry "ENG"]
[SourceTitle "EXT 2008"]
[Source "ChessBase"]
[SourceDate "2007.11.25"]
[SourceVersion "1"]
[SourceVersionDate "2007.11.25"]
[SourceQuality "1"]
[WhiteTeam "Wessex"]
[BlackTeam "Guildford III"]
[WhiteTeamCountry "ENG"]
[BlackTeamCountry "ENG"]

1. d4 g6 2. e4 Bg7 3. c4 d6 4. Nc3 Nf6 5. Nf3 0-0 6. Be2 e5 7. 0-0 Nbd7 8. Qc2 c6 9. Rd1 Qe7 10. Rb1 exd4 11. Nxd4 Nc5 12. f3 a5 13. Bf1 Nh5 14. g4 Nf6 15. Bf4 Ne8 16. Qf2 Be5 17. Be3 Ng7 18. f4 Bxd4 19. Rxd4 Bxg4 20. h3 Bh5 21. Re1 f5 22. Rxd6 Nxe4 23. Nxe4 fxe4 24. c5 g5 25. Qg3 Nf5 26. Qxg5+ Qxg5+ 27. fxg5 Nxd6 28. cxd6 Rad8 29. h4 Rxd6 30. Bc5 Rd2 31. Bxf8 Kxf8 32. Rxe4 Rxb2 33. Ra4 b6 34. Bg2 c5 35. a3 Rd2 36. Rf4+ Ke7 37. Rf6 Rd6 38. Rf2 b5 39. Be4 Bg6 40. Bf3 c4 41. Rb2 c3 0-1

[Event "BCF-chT2 0607 (4NCL)"]
[Site "Sunningdale"]
[Date "2007.01.14"]
[Round "6.1"]
[White "Upton, Ian J"]
[Black "Cooper, Lawrence"]
[Result "1/2-1/2"]
[WhiteElo "2270"]
[BlackElo "2307"]
[PlyCount "26"]
[EventDate "2006.09.16"]
[EventType "team"]
[EventRounds "11"]
[EventCountry "ENG"]
[SourceTitle "EXT 2008"]
[Source "ChessBase"]
[SourceDate "2007.11.25"]
[SourceVersion "1"]
[SourceVersionDate "2007.11.25"]
[SourceQuality "1"]
[WhiteTeam "Wessex"]
[BlackTeam "Hilsmark Kingfisher II"]
[WhiteTeamCountry "ENG"]
[BlackTeamCountry "ENG"]

1. d4 Nf6 2. Nf3 d5 3. c4 c6 4. e3 g6 5. Nc3 Bg7 6. Bd3 0-0 7. 0-0 Bg4 8. h3 Bxf3 9. Qxf3 e6 10. Rd1 Nbd7 11. b3 Qe7 12. Bb2 Rfe8 13. Bf1 Rad8 1/2-1/2

[Event "BCF-chT2 0607 (4NCL)"]
[Site "Sunningdale"]
[Date "2006.11.12"]
[Round "4.3"]
[White "Upton, Ian J"]
[Black "Swanson, Stephen"]
[Result "1/2-1/2"]
[WhiteElo "2259"]
[BlackElo "2238"]
[PlyCount "48"]
[EventDate "2006.09.16"]
[EventType "team"]
[EventRounds "11"]
[EventCountry "ENG"]
[SourceTitle "EXT 2008"]
[Source "ChessBase"]
[SourceDate "2007.11.25"]
[SourceVersion "1"]
[SourceVersionDate "2007.11.25"]
[SourceQuality "1"]
[WhiteTeam "Wessex"]
[BlackTeam "Poisoned Pawns"]
[WhiteTeamCountry "ENG"]
[BlackTeamCountry "ENG"]

1. d4 d6 2. Nf3 Nf6 3. c4 Nbd7 4. Nc3 e5 5. e4 Be7 6. Be2 0-0 7. 0-0 Re8 8. Re1 Bf8 9. Bf1 c6 10. Rb1 exd4 11. Nxd4 a5 12. Nc2 Nc5 13. f3 g6 14. Bg5 Ne6 15. Be3 a4 16. b4 axb3 17. axb3 Nd7 18. b4 Ng7 19. Qd2 Ne5 20. b5 Be6 21. bxc6 bxc6 22. Nd4 Bd7 23. Ra1 Qc7 24. Rec1 Reb8 1/2-1/2

[Event "BCF-chT2 0607 (4NCL)"]
[Site "Sunningdale"]
[Date "2006.09.16"]
[Round "1.4"]
[White "Upton, Ian J"]
[Black "Rawlinson, Aidan"]
[Result "1-0"]
[WhiteElo "2259"]
[BlackElo "2183"]
[PlyCount "109"]
[EventDate "2006.09.16"]
[EventType "team"]
[EventRounds "11"]
[EventCountry "ENG"]
[SourceTitle "CBM 115 Extra"]
[Source "ChessBase"]
[SourceDate "2007.01.10"]
[SourceVersion "1"]
[SourceVersionDate "2007.01.10"]
[SourceQuality "1"]
[WhiteTeam "Wessex"]
[BlackTeam "Oxford"]
[WhiteTeamCountry "ENG"]
[BlackTeamCountry "ENG"]

1. d4 d5 2. c4 c6 3. Nf3 Nf6 4. Nc3 e6 5. e3 Nbd7 6. Qc2 Bd6 7. Bd3 dxc4 8. Bxc4 0-0 9. 0-0 Qe7 10. Bd2 b5 11. Bd3 Bb7 12. Rae1 b4 13. Na4 c5 14. e4 e5 15. dxe5 Bxe5 16. Nxe5 Nxe5 17. Qxc5 Qxc5 18. Nxc5 Nxd3 19. Nxd3 Ba6 20. Nxb4 Bxf1 21. Kxf1 Rfd8 22. Bc3 Rac8 23. f3 Nd7 24. Nd5 Kf8 25. Bb4+ Ke8 26. Be7 Rc2 27. Bxd8 Kxd8 28. Re2 Rc1+ 29. Kf2 Ne5 30. f4 Nc4 31. Ne3 Nb6 32. Rd2+ Ke8 33. Rc2 Rb1 34. Ke2 g6 35. Nd1 Kd7 36. h3 Kd6 37. Nc3 Ra1 38. Nb5+ Ke7 39. a3 a6 40. Nd4 Nd7 41. Nb3 Rg1 42. Kf2 Rd1 43. Ke3 Nf6 44. Rc1 Rd8 45. Rc7+ Kf8 46. Rc6 Kg7 47. Nc5 Rd1 48. Rxa6 Re1+ 49. Kf2 Rc1 50. e5 Nd5 51. Nd3 Rd1 52. Ke2 Rg1 53. Rd6 Ne7 54. Kf2 Rd1 55. Nb4 1-0

[Event "BCF-chT2 0506 (4NCL)"]
[Site "Birmingham"]
[Date "2006.03.05"]
[Round "8.5"]
[White "Anderton, Matthew"]
[Black "Upton, Ian J"]
[Result "1/2-1/2"]
[WhiteElo "2205"]
[BlackElo "2259"]
[PlyCount "47"]
[EventDate "2005.10.22"]
[EventType "team"]
[EventRounds "11"]
[EventCountry "ENG"]
[SourceTitle "EXT 2007"]
[Source "ChessBase"]
[SourceDate "2006.11.23"]
[SourceVersion "1"]
[SourceVersionDate "2006.11.23"]
[SourceQuality "1"]
[WhiteTeam "Guildford III"]
[BlackTeam "Wessex"]
[WhiteTeamCountry "ENG"]
[BlackTeamCountry "ENG"]

1. e4 e6 2. d4 d5 3. Nc3 Nf6 4. Bg5 Be7 5. e5 Nfd7 6. h4 Bxg5 7. hxg5 Qxg5 8. Qd3 g6 9. Nf3 Qe7 10. 0-0-0 Nc6 11. Qe3 a6 12. Rh6 f5 13. Ng5 Nf8 14. Be2 Nd8 15. Rdh1 Bd7 16. f4 Nf7 17. Nxf7 Qxf7 18. Nb1 Bb5 19. Bd1 0-0-0 20. Nd2 Qe7 21. Nf3 Rg8 22. Ng5 Rg7 23. Kb1 Kb8 24. a3 1/2-1/2

[Event "BCF-chT2 0506 (4NCL)"]
[Site "Birmingham"]
[Date "2006.01.15"]
[Round "6.2"]
[White "Moskovic, David M"]
[Black "Upton, Ian J"]
[Result "0-1"]
[WhiteElo "2284"]
[BlackElo "2259"]
[PlyCount "74"]
[EventDate "2005.10.22"]
[EventType "team"]
[EventRounds "11"]
[EventCountry "ENG"]
[SourceTitle "EXT 2007"]
[Source "ChessBase"]
[SourceDate "2006.11.23"]
[SourceVersion "1"]
[SourceVersionDate "2006.11.23"]
[SourceQuality "1"]
[WhiteTeam "Cambridge"]
[BlackTeam "Wessex"]
[WhiteTeamCountry "ENG"]
[BlackTeamCountry "ENG"]

1. Nf3 d5 2. g3 Bg4 3. Bg2 Nd7 4. 0-0 e6 5. d3 Ngf6 6. h3 Bh5 7. Nbd2 Bc5 8. e4 dxe4 9. dxe4 e5 10. Qe1 0-0 11. Nc4 Re8 12. b4 Bf8 13. Bb2 Bxf3 14. Bxf3 Qe7 15. a3 Qe6 16. Qe2 Qxh3 17. Rad1 Qe6 18. Ne3 a5 19. Nd5 Bd6 20. b5 Nxd5 21. exd5 Qe7 22. Qc4 f5 23. Rfe1 Qg5 24. Bg2 Re7 25. Rd3 Rae8 26. a4 e4 27. Rde3 Ne5 28. Bxe5 Rxe5 29. f4 exf3 30. Rxe5 Rxe5 31. Rxe5 fxg2 32. Re8+ Kf7 33. Qe2 g6 34. Rh8 Kg7 35. Qe8 Qxg3 36. Qg8+ Kf6 37. Qd8+ Ke5 0-1

[Event "BCF-chT2 0304 (4NCL)"]
[Site "West Bromwich"]
[Date "2004.05.02"]
[Round "8.6"]
[White "Upton, Ian J"]
[Black "Plant, Paul RJ"]
[Result "1/2-1/2"]
[WhiteElo "2224"]
[BlackElo "2097"]
[PlyCount "42"]
[EventDate "2003.11.17"]
[EventType "team"]
[EventRounds "11"]
[EventCountry "ENG"]
[SourceTitle "EXT 2005"]
[Source "ChessBase"]
[SourceDate "2004.11.15"]
[SourceVersion "1"]
[SourceVersionDate "2004.11.15"]
[SourceQuality "1"]
[WhiteTeam "Wessex"]
[BlackTeam "Numerica 3CS II"]
[WhiteTeamCountry "ENG"]
[BlackTeamCountry "ENG"]

1. d4 d5 2. c4 c6 3. Nf3 Nf6 4. Qc2 dxc4 5. Qxc4 Bf5 6. g3 e6 7. Bg2 Be7 8. 0-0 Nbd7 9. Nc3 0-0 10. Qb3 Qb6 11. Qxb6 axb6 12. Re1 b5 13. e4 Bg6 14. Nh4 b4 15. Nxg6 hxg6 16. Ne2 Ra6 17. Bd2 Rfa8 18. Nc1 e5 19. dxe5 Nxe5 20. Bf4 Nc4 21. Rb1 Nh5 1/2-1/2

[Event "BCF-chT2 0304 (4NCL)"]
[Site "West Bromwich"]
[Date "2004.03.21"]
[Round "6.7"]
[White "Richardson, Keith Bevin"]
[Black "Upton, Ian J"]
[Result "0-1"]
[WhiteElo "2219"]
[BlackElo "2224"]
[PlyCount "58"]
[EventDate "2003.11.17"]
[EventType "team"]
[EventRounds "11"]
[EventCountry "ENG"]
[SourceTitle "EXT 2005"]
[Source "ChessBase"]
[SourceDate "2004.11.15"]
[SourceVersion "1"]
[SourceVersionDate "2004.11.15"]
[SourceQuality "1"]
[WhiteTeam "Guildford II"]
[BlackTeam "Wessex"]
[WhiteTeamCountry "ENG"]
[BlackTeamCountry "ENG"]

1. c4 f5 2. g3 Nf6 3. Bg2 e5 4. Nc3 Bb4 5. Nf3 Bxc3 6. bxc3 d6 7. 0-0 c5 8. d4 Qc7 9. Nd2 0-0 10. Nb3 Nbd7 11. a4 a5 12. Ba3 Ra7 13. Qd3 e4 14. Qe3 b6 15. f3 exf3 16. exf3 Re8 17. Qd3 Nf8 18. Bc1 Qf7 19. Bh3 Qh5 20. Bg2 Rd7 21. Bd2 Ba6 22. d5 Ng6 23. f4 Qe2 24. Qxf5 Qxc4 25. Rab1 Rde7 26. Nc1 Ne4 27. Be1 Qxa4 28. Rf3 Bc8 29. Qh5 Nf6 0-1

[Event "BCF-chT2 0203 (4NCL)"]
[Site "West Bromwich"]
[Date "2003.04.13"]
[Round "8.6"]
[White "Coates, Kenneth G"]
[Black "Upton, Ian J"]
[Result "1/2-1/2"]
[WhiteElo "2169"]
[BlackElo "2224"]
[PlyCount "108"]
[EventDate "2002.11.??"]
[EventType "team"]
[EventRounds "11"]
[EventCountry "ENG"]
[SourceTitle "EXT 2004"]
[Source "ChessBase"]
[SourceDate "2003.11.25"]
[SourceVersion "1"]
[SourceVersionDate "2003.11.25"]
[SourceQuality "1"]
[WhiteTeam "Guildford II"]
[BlackTeam "Wessex"]
[WhiteTeamCountry "ENG"]
[BlackTeamCountry "ENG"]

1. e4 e6 2. d4 d5 3. exd5 exd5 4. Bd3 c5 5. Qe2+ Be7 6. dxc5 Nf6 7. Bg5 0-0 8. Nc3 Be6 9. Nf3 Nc6 10. 0-0 h6 11. Bxf6 Bxf6 12. h3 Re8 13. Rfe1 Qa5 14. Nxd5 Bxb2 15. Rab1 Bd7 16. Qd2 Rxe1+ 17. Qxe1 Qxc5 18. Qe4 f5 19. Qc4 Qxc4 20. Bxc4 Na5 21. Nc7+ Nxc4 22. Nxa8 Ba4 23. Nd2 Bxc2 24. Nxc4 Bxb1 25. Nxb2 Bxa2 26. Nc7 a6 27. Ne8 Bd5 28. Nd6 g6 29. f3 Kf8 30. Kf2 b5 31. Ke3 Ke7 32. Nc8+ Ke6 33. Kd4 Bb7 34. Na7 Kd6 35. Nd3 g5 36. Ne5 g4 37. hxg4 fxg4 38. Nxg4 h5 39. Nf6 h4 40. Ne4+ Kc7 41. Nc5 h3 42. gxh3 Bxf3 43. Nxa6+ Kb6 44. Nxb5 Kxb5 45. Nb8 Kb6 46. Nd7+ Kc7 47. Ne5 Bd1 48. Ke4 Kd6 49. Kf5 Ke7 50. Ng4 Kf7 51. Ne3 Be2 52. Nd5 Kg7 53. Nc3 Bf3 54. Kf4 Bh5 1/2-1/2

[Event "BCF-chT2 0203 (4NCL)"]
[Site "West Bromwich"]
[Date "2003.03.09"]
[Round "6.6"]
[White "Brown, Alan M"]
[Black "Upton, Ian J"]
[Result "1/2-1/2"]
[WhiteElo "2133"]
[BlackElo "2224"]
[PlyCount "113"]
[EventDate "2002.11.??"]
[EventType "team"]
[EventRounds "11"]
[EventCountry "ENG"]
[SourceTitle "EXT 2004"]
[Source "ChessBase"]
[SourceDate "2003.11.25"]
[SourceVersion "1"]
[SourceVersionDate "2003.11.25"]
[SourceQuality "1"]
[WhiteTeam "SW Dragons II"]
[BlackTeam "Wessex"]
[WhiteTeamCountry "ENG"]
[BlackTeamCountry "ENG"]

1. d4 e6 2. e4 d5 3. Nc3 Nf6 4. Bg5 dxe4 5. Nxe4 Be7 6. Nxf6+ Bxf6 7. Bxf6 Qxf6 8. Nf3 Nd7 9. Qd2 c5 10. 0-0-0 0-0 11. Bb5 cxd4 12. Qxd4 Nb6 13. Ne5 a6 14. Be2 Nd5 15. Bf3 b5 16. Nc6 Qh6+ 17. Kb1 Re8 18. Rhe1 Bb7 19. Na5 Reb8 20. Nxb7 Rxb7 21. Bxd5 exd5 22. Qxd5 Rbb8 23. Qe5 Qc6 24. Rd6 Qc8 25. Qd5 Qf8 26. Rd7 Rd8 27. Rd1 Rxd7 28. Qxd7 h6 29. Kc1 Qc5 30. Qd5 Qa7 31. Qf5 Rf8 32. Rd3 Qb6 33. a3 Qc6 34. Qd5 Qc7 35. g3 Qa7 36. Qd4 Qb7 37. f3 Qe7 38. Re3 Qc7 39. Rc3 Qe7 40. Re3 Qc7 41. Qd2 Rd8 42. Rd3 Rxd3 43. Qxd3 Qc5 44. Qf1 Qe3+ 45. Kb1 Qd2 46. h4 h5 47. c3 Qd6 48. Qf2 Qd3+ 49. Kc1 f5 50. f4 g6 51. Qe1 Kf7 52. Qf2 Kg8 53. Qe1 Kf7 54. Qg1 Kg8 55. Qf2 Kh7 56. Qa7+ Kg8 57. Qb8+ 1/2-1/2

[Event "BCF-chT2 0203 (4NCL)"]
[Site "West Bromwich"]
[Date "2003.01.18"]
[Round "3.6"]
[White "Hunt, Malcolm A"]
[Black "Upton, Ian J"]
[Result "1/2-1/2"]
[WhiteElo "1960"]
[BlackElo "2224"]
[PlyCount "70"]
[EventDate "2002.11.??"]
[EventType "team"]
[EventRounds "11"]
[EventCountry "ENG"]
[SourceTitle "EXT 2004"]
[Source "ChessBase"]
[SourceDate "2003.11.25"]
[SourceVersion "1"]
[SourceVersionDate "2003.11.25"]
[SourceQuality "1"]
[WhiteTeam "Warwicks Select"]
[BlackTeam "Wessex"]
[WhiteTeamCountry "ENG"]
[BlackTeamCountry "ENG"]

1. d4 e6 2. Nf3 f5 3. Bg5 Be7 4. Bxe7 Qxe7 5. c3 Nf6 6. Nbd2 b6 7. e3 Bb7 8. Bd3 Ne4 9. 0-0 0-0 10. Qc2 Nxd2 11. Nxd2 Nc6 12. e4 fxe4 13. Bxe4 g6 14. Rae1 Qg7 15. Re3 Nd8 16. Rfe1 Bxe4 17. Qxe4 Nf7 18. Nf3 Nd6 19. Qe5 Qh6 20. Qg5 Qxg5 21. Nxg5 Rf5 22. Ne4 Raf8 23. Nxd6 cxd6 24. R1e2 b5 25. a3 Rc8 26. h4 a5 27. g4 Rf4 28. Re4 Rxe4 29. Rxe4 d5 30. Re3 Kg7 31. Kg2 h6 32. Kg3 g5 33. hxg5 hxg5 34. f4 Rf8 35. f5 Rf6 1/2-1/2

[Event "BCF-chT 0102 (4NCL)"]
[Site "Birmingham"]
[Date "2001.09.23"]
[Round "2.3"]
[White "Upton, Ian J"]
[Black "Gayson, Peter"]
[Result "0-1"]
[WhiteElo "2260"]
[BlackElo "2282"]
[PlyCount "78"]
[EventDate "2001.09.22"]
[EventType "team"]
[EventRounds "11"]
[EventCountry "ENG"]
[SourceTitle "CBM 084 Extra"]
[Source "ChessBase"]
[SourceDate "2001.10.26"]
[SourceVersion "1"]
[SourceVersionDate "2001.10.26"]
[SourceQuality "1"]
[WhiteTeam "Wessex"]
[BlackTeam "Thistle White Rose"]
[WhiteTeamCountry "ENG"]
[BlackTeamCountry "ENG"]

1. d4 f5 2. Nc3 Nf6 3. Bg5 e6 4. f3 Be7 5. Nh3 d5 6. Qd3 0-0 7. 0-0-0 c5 8. dxc5 Na6 9. e3 Nxc5 10. Qd4 b6 11. Be2 Bd7 12. Nf2 Rc8 13. g4 b5 14. Bxb5 fxg4 15. Bxd7 Ncxd7 16. Nxg4 Nxg4 17. Bxe7 Qxe7 18. fxg4 Nb6 19. Rdf1 Nc4 20. Rxf8+ Qxf8 21. Nd1 Qf3 22. Re1 Qg2 23. Qd3 Qxh2 24. Re2 Qg3 25. b3 Nd6 26. Qa6 Rf8 27. Kb2 Qe5+ 28. c3 Ne4 29. Kc2 Ng3 30. Rd2 Nf1 31. Re2 Qe4+ 32. Qd3 Qxg4 33. e4 Ng3 34. Rg2 Rf3 35. Qb5 Qxe4+ 36. Kb2 Nh5 37. Qe8+ Rf8 38. Qxh5 Qxg2+ 39. Ka3 Qg6 0-1

[Event "BCF-chT2 0001 (4NCL)"]
[Site "Birmingham"]
[Date "2001.05.05"]
[Round "9.5"]
[White "Armstrong, Malcolm J"]
[Black "Upton, Ian J"]
[Result "0-1"]
[WhiteElo "2119"]
[BlackElo "2258"]
[PlyCount "64"]
[EventDate "2000.11.26"]
[EventType "team"]
[EventRounds "11"]
[EventCountry "ENG"]
[SourceTitle "CBM 079 Extra"]
[Source "ChessBase"]
[SourceDate "2001.01.11"]
[SourceVersion "2"]
[SourceVersionDate "2001.01.25"]
[SourceQuality "1"]
[WhiteTeam "Slough II"]
[BlackTeam "Wessex"]
[WhiteTeamCountry "ENG"]
[BlackTeamCountry "ENG"]

1. d4 f5 2. Nf3 Nf6 3. c4 e6 4. Nc3 Bb4 5. g3 0-0 6. Bg2 Bxc3+ 7. bxc3 d6 8. 0-0 Qe7 9. a4 c5 10. Nd2 e5 11. d5 Nbd7 12. e4 f4 13. g4 h6 14. f3 Rf7 15. Nb3 Nf8 16. Bd2 g5 17. Be1 Ng6 18. Ra2 Rh7 19. Bh1 Kf7 20. h3 Bd7 21. Rff2 h5 22. Rh2 hxg4 23. hxg4 Rxh2 24. Kxh2 Rh8+ 25. Kg1 Ke8 26. Nc1 Qh7 27. Bg2 Nh4 28. Bh1 Ng6 29. Bg2 Qh2+ 30. Kf1 Nh4 31. Bxh4 gxh4 32. Ne2 h3 0-1

[Event "BCF-chT2 0001 (4NCL)"]
[Site "Birmingham"]
[Date "2000.11.26"]
[Round "4.4"]
[White "Upton, Ian J"]
[Black "Granat, Russell"]
[Result "0-1"]
[WhiteElo "2258"]
[BlackElo "2227"]
[PlyCount "100"]
[EventDate "2000.11.26"]
[EventType "team"]
[EventRounds "11"]
[EventCountry "ENG"]
[SourceTitle "CBM 079 Extra"]
[Source "ChessBase"]
[SourceDate "2001.01.11"]
[SourceVersion "2"]
[SourceVersionDate "2001.01.25"]
[SourceQuality "1"]
[WhiteTeam "Wessex"]
[BlackTeam "Guildford II"]
[WhiteTeamCountry "ENG"]
[BlackTeamCountry "ENG"]

1. d4 d5 2. c4 Bf5 3. cxd5 Bxb1 4. Qa4+ Qd7 5. Qxd7+ Nxd7 6. Rxb1 Ngf6 7. Nf3 Nb6 8. e3 Nbxd5 9. a3 e6 10. Bd3 Be7 11. e4 Nb6 12. Be3 0-0 13. Ke2 Rfd8 14. Rhc1 Rac8 15. h3 Nfd7 16. b4 c6 17. g4 Bd6 18. Rb3 e5 19. dxe5 Nxe5 20. Nxe5 Bxe5 21. f4 Bd4 22. Bd2 a6 23. Bc3 h6 24. Be1 Na4 25. Rc2 b5 26. e5 c5 27. Bf5 c4 28. Rg3 Rc7 29. g5 hxg5 30. Rxg5 Re8 31. Rg4 Nb6 32. Kf3 Nd5 33. Rcg2 f6 34. Rh4 g5 35. fxg5 fxe5 36. Ke4 Ne3 37. Re2 Nxf5 38. Kxf5 Rf7+ 39. Kg6 Re6+ 40. Kh5 Rh7+ 41. Kg4 Rxh4+ 42. Kxh4 e4 43. Kg4 e3 44. h4 Re8 45. Kf5 Kg7 46. Bg3 Rf8+ 47. Ke4 Rf2 48. Re1 Rd2 49. h5 c3 50. Rxe3 c2 0-1

[Event "BCF-chT2 9900 (4NCL)"]
[Site "Birmingham"]
[Date "1999.11.20"]
[Round "3.4"]
[White "Rosen, Daniel B"]
[Black "Upton, Ian J"]
[Result "1/2-1/2"]
[WhiteElo "2239"]
[BlackElo "2238"]
[PlyCount "22"]
[EventDate "1999.10.??"]
[EventType "team"]
[EventRounds "11"]
[EventCountry "ENG"]
[SourceTitle "EXT 2001"]
[Source "ChessBase"]
[SourceDate "2000.11.22"]
[SourceVersion "1"]
[SourceVersionDate "2000.11.22"]
[SourceQuality "1"]
[WhiteTeam "POI"]
[BlackTeam "Wessex"]
[WhiteTeamCountry "ENG"]
[BlackTeamCountry "ENG"]

1. e4 e6 2. d4 d5 3. Nc3 Nf6 4. Bg5 dxe4 5. Nxe4 Be7 6. Nxf6+ Bxf6 7. Bxf6 Qxf6 8. Nf3 0-0 9. Bd3 Nd7 10. 0-0 c5 11. c3 cxd4 1/2-1/2

[Event "Sutton op"]
[Site "Sutton"]
[Date "1999.??.??"]
[Round "3"]
[White "Upton, Ian J"]
[Black "Wall, Gavin"]
[Result "1/2-1/2"]
[WhiteElo "2225"]
[BlackElo "2369"]
[PlyCount "52"]
[EventDate "1999.??.??"]
[EventType "swiss"]
[EventRounds "7"]
[EventCountry "ENG"]
[SourceTitle "EXT 2000"]
[Source "ChessBase"]
[SourceDate "1999.11.16"]
[SourceVersion "1"]
[SourceVersionDate "1999.11.16"]
[SourceQuality "1"]

1. d4 f5 2. Bg5 g6 3. Nc3 Nh6 4. e4 Nf7 5. Be3 fxe4 6. Nxe4 d5 7. Ng5 Nxg5 8. Bxg5 Qd6 9. Qd2 Bg7 10. Bf4 Qb6 11. 0-0-0 Nc6 12. Nf3 Bg4 13. Be2 0-0-0 14. c3 Qa5 15. b4 Qa3+ 16. Qb2 Qxb2+ 17. Kxb2 Rhf8 18. Bg3 e5 19. dxe5 Nxe5 20. Nxe5 Bxe2 21. Rd2 Bb5 22. Rhd1 Ba4 23. Re1 Rfe8 24. f4 Rd6 25. Bf2 b6 26. g3 Bxe5 1/2-1/2